Theatre: the human art
Bewaard in:
| Hoofdauteur: | |
|---|---|
| Formaat: | Boek |
| Taal: | Engels |
| Gepubliceerd in: |
Nueva York
Harper and Row
1987
|
| Onderwerpen: | |
| Tags: |
Voeg label toe
Geen labels, Wees de eerste die dit record labelt!
|
MARC
| LEADER | 00000nam a2200000 a 4500 | ||
|---|---|---|---|
| 001 | UCU4940 | ||
| 003 | CL-VaPUC | ||
| 008 | 960531e19870000US |||||||||||||||||eng|d | ||
| 082 | 0 | 4 | |a 792 |b SMI |2 21 |
| 100 | 0 | |a Smiley, Sam |e author |9 362706 | |
| 245 | 1 | 0 | |a Theatre: the human art |
| 300 | |a 418 p | ||
| 942 | |c BK | ||
| 945 | |d 19960531 00:00:00 |a rleighto | ||
| 260 | |a Nueva York |b Harper and Row |c 1987 | ||
| 650 | 0 | |a Teatro |9 265385 | |
| 650 | 0 | |a Drama |9 265034 | |
| 650 | 0 | |a Formas y géneros literarios |9 324031 | |
| 650 | 0 | |a Actores |9 302313 | |
| 650 | 0 | |a Artes escénicas |9 318853 | |
| 650 | 7 | |a TEATRO GRIEGO |2 CL-VaPUC |9 362708 | |
| 650 | 7 | |a TEATRO ROMANO |2 CL-VaPUC |9 362573 | |
| 650 | 0 | |a Historia |9 255047 | |
| 650 | 0 | |a Drama inglés |9 311029 | |
| 650 | 0 | |a DRAMA IRLANDES |9 330167 | |
| 650 | 7 | |a DRAMA ALEMAN |2 CL-VaPUC |9 319224 | |
| 583 | |a last modification |c 19960531 00:00:00 |k Rodrigo Vera | ||
| 999 | |c 248464 |d 248462 | ||
| 952 | |0 0 |1 0 |4 0 |6 792_000000000000000_SMI_1987 |7 0 |8 A |9 265089 |a BIBEDU |b BIBEDU |d 2019-11-19 |i 320541K |o 792 SMI 1987 |p 320541K |r 2019-11-19 |w 2019-11-19 |y BK |k LIT | ||